| 000 | 01186nam a22002657a 4500 | ||
|---|---|---|---|
| 005 | 20240530110521.0 | ||
| 008 | 160217s2012 ku adk g 000 0 ara d | ||
| 017 |
_a2012/11/4247 _bالكويت . دائرة المكتبة الوطنية |
||
| 020 | _a9789957171780 | ||
| 040 | _aEG-CaGPL | ||
| 082 | 0 | 4 |
_221 _a027.8\ _bأ م |
| 100 | 0 | _aاحمد يوسف حافظ | |
| 245 | 1 | 2 |
_aالمكتبة المدرسية : _bمركز مصادر التعليم فى القرن 21 : دليل مرجعى شامل لامناء و موجهى المكتبات و التربويين / _cتاليف احمد يوسف حافظ |
| 250 | _aط1 | ||
| 260 |
_aالكويت : _bمكتبة الفلاح للنشر و التوزيع ، _c2013 . |
||
| 300 |
_a536 ص : _bايض ؛ _c24 سم . |
||
| 650 | 0 | 4 | _aالمكتبات المدرسية |
| 650 | 0 | 4 | _aالمكتبات و المدارس |
| 650 | 0 | 4 |
_aالمكتبات المدرسية _xمعايير |
| 650 | 0 | 4 |
_aالمكتبات المدرسية _xميكنة |
| 650 | 0 | 4 |
_aالانترنت _xالمكتبات المدرسية |
| 650 | 0 | 4 | _aالمصادر التعليمية |
| 942 |
_2ddc _cBK |
||
| 999 |
_c61884 _d61884 |
||